[Event "IECG CB.2004.0.00106 email"]
[Site "IECG email"]
[Date "2004.02.23"]
[Round "?"]
[White "Purse, Ray"]
[Black "Vyt, Johan"]
[Result "1/2-1/2"]
[WhiteElo "1900"]
[BlackElo "1816"]
[PlyCount "49"]
[EventDate "2004.02.23"]
[EventType "tourn (corr)"]
[EventRounds "6"]
[SourceTitle "Corr 2008"]
[Source "ChessBase"]
[SourceDate "2008.06.24"]
[SourceVersion "1"]
[SourceVersionDate "2008.06.24"]
[SourceQuality "1"]

1. e4 c5 2. Nf3 d6 3. Bb5+ Bd7 4. Bxd7+ Nxd7 5. 0-0 Ngf6 6. Qe2 e6 7. b3 Be7 8. Bb2 0-0 9. d4 cxd4 10. Nxd4 Nc5 11. Nc3 Qb6 12. Rad1 Rac8 13. Kh1 Rfe8 14. f4 d5 15. e5 Nfe4 16. Nxe4 Nxe4 17. c4 Bb4 18. Rf3 Bc5 19. g4 Qc7 20. cxd5 exd5 21. Nf5 Qc6 22. Nd4 Bxd4 23. Bxd4 b5 24. f5 b4 25. Rg1 1/2-1/2